[Event "interzonal (w)"]
[Site "Chisinau MDA"]
[Date "1995.??.??"]
[Round "9"]
[White "Sheremetieva, Marina"]
[Black "Khurtsidze, Nino"]
[Result "1/2-1/2"]
[WhiteElo "2250"]
[BlackElo "2295"]
[EventDate "1995.09.??"]
[PlyCount "56"]

1.e4 c5 2.Nf3 e6 3.d3 d5 4.Nbd2 Nc6 5.g3 g6 6.Bg2 Bg7 7.O-O Nge7 8.Re1 b6 
9.exd5 exd5 10.d4 c4 11.Ne5 Nxe5 12.dxe5 Be6 13.Nf3 O-O 14.Bf4 h6 15.h4 
Qd7 16.Qd2 Kh7 17.Nd4 Nc6 18.c3 Nxd4 19.Qxd4 Rfd8 20.b3 b5 21.Bf3 Rac8 22.
b4 a5 23.a3 Ra8 24.Bd2 Ra6 25.Be3 Rda8 26.Rad1 Rd8 27.Ra1 Rda8 28.Rad1 Rd8
1/2-1/2

[Event "interzonal (w)"]
[Site "Chisinau MDA"]
[Date "1995.??.??"]
[Round "9"]
[White "Zhukova, Natalia"]
[Black "Calzetta Ruiz, Monica"]
[Result "1-0"]
[WhiteElo "2360"]
[BlackElo "2130"]
[EventDate "1995.09.??"]
[PlyCount "87"]

1.d4 Nf6 2.Nf3 g6 3.Bf4 Bg7 4.e3 d6 5.h3 O-O 6.c4 c5 7.Nc3 Qb6 8.Qb3 Qxb3 
9.axb3 Bf5 10.g4 Bd7 11.O-O-O b6 12.Bg2 Nc6 13.Rhe1 Rab8 14.d5 Nb4 15.e4 
Rfd8 16.e5 Ne8 17.exd6 exd6 18.Ng5 b5 19.Nge4 bxc4 20.bxc4 Rb6 21.Re2 Rdb8
22.Nxc5 dxc5 23.Bxb8 Rxb8 24.Re7 Bxc3 25.bxc3 Na2+ 26.Kd2 Ba4 27.Ra1 Rb2+ 
28.Ke1 Nd6 29.Bf1 Nxc3 30.Re3 Rc2 31.Bd3 Ra2 32.Rc1 Nd1 33.Rxd1 Bxd1 34.
Kxd1 Rxf2 35.Re7 Ra2 36.Rc7 f5 37.gxf5 gxf5 38.Rxc5 f4 39.Rc6 Nf7 40.d6 f3
41.d7 Ra1+ 42.Kd2 Kg7 43.Rc5 Ra6 44.Rd5 1-0

[Event "interzonal (w)"]
[Site "Chisinau MDA"]
[Date "1995.??.??"]
[Round "10"]
[White "Bojkovic, Natasa"]
[Black "Kachiani-Gersinska, Ketino"]
[Result "1/2-1/2"]
[WhiteElo "2425"]
[BlackElo "2360"]
[EventDate "1995.09.??"]
[PlyCount "39"]

1.e4 e5 2.Nf3 Nc6 3.Bb5 a6 4.Ba4 Nf6 5.Qe2 Bc5 6.c3 b5 7.Bb3 O-O 8.d3 h6 
9.O-O Re8 10.a4 Bb7 11.axb5 axb5 12.Rxa8 Bxa8 13.Nh4 d5 14.exd5 Ne7 15.c4 
c6 16.Nc3 cxd5 17.cxd5 Nexd5 18.Ne4 Nxe4 19.dxe4 Qxh4 20.Bxd5 1/2-1/2

[Event "interzonal (w)"]
[Site "Chisinau MDA"]
[Date "1995.??.??"]
[Round "10"]
[White "Calzetta Ruiz, Monica"]
[Black "Gaponenko, Inna"]
[Result "0-1"]
[WhiteElo "2130"]
[BlackElo "2365"]
[EventDate "1995.09.??"]
[PlyCount "92"]

1.e4 c5 2.Nf3 d6 3.d4 cxd4 4.Nxd4 Nf6 5.Nc3 g6 6.Be3 Bg7 7.f3 O-O 8.Qd2 
Nc6 9.O-O-O d5 10.exd5 Nxd5 11.Nxc6 bxc6 12.Bd4 e5 13.Bc5 Be6 14.Ne4 Rb8 
15.h4 Qc7 16.Bxf8 Bxf8 17.h5 f5 18.Bc4 fxe4 19.hxg6 hxg6 20.fxe4 Nf4 21.
Qxf4 Bxc4 22.Qg4 Qf7 23.Rd7 Qf4+ 24.Qxf4 exf4 25.Rxa7 Re8 26.b3 Bf7 27.a4 
Rxe4 28.a5 Re8 29.a6 Bc5 30.Rc7 Bd5 31.Rhh7 Bf8 32.a7 Bxg2 33.c4 f3 34.
Rhf7 g5 35.Rb7 g4 36.c5 Bh6+ 37.Kc2 g3 38.Rfe7 Rf8 39.Rb8 f2 40.Rxf8+ Bxf8
41.a8=Q f1=Q 42.Qe8 Qf5+ 43.Kb2 Qf6+ 44.Re5 Bd5 45.Ka3 Bf7 46.Qb8 g2 0-1

[Event "interzonal (w)"]
[Site "Chisinau MDA"]
[Date "1995.??.??"]
[Round "10"]
[White "Danielian, Elina"]
[Black "Hoang Thanh Trang"]
[Result "1/2-1/2"]
[WhiteElo "2320"]
[BlackElo "2405"]
[EventDate "1995.09.??"]
[PlyCount "131"]

1.Nf3 f5 2.d3 g6 3.e4 d6 4.Nc3 Nf6 5.exf5 Bxf5 6.d4 Bg7 7.Bc4 Nc6 8.O-O d5
9.Bb3 Na5 10.Ne5 O-O 11.Bg5 Nxb3 12.axb3 h6 13.Bxf6 exf6 14.Ng4 Be6 15.Re1
Qd7 16.Ne3 a6 17.Ne2 Rae8 18.Nf4 Bf7 19.Nd3 f5 20.c3 g5 21.f4 gxf4 22.Nxf4
Re4 23.Qf3 Qe7 24.Re2 Qg5 25.g3 c6 26.Rae1 Rfe8 27.b4 Bf8 28.Kf1 Kh8 29.
Kf2 Kh7 30.h4 Qf6 31.Nd3 Be6 32.Ng2 Bf7 33.Ne5 Bd6 34.Nd3 Rg8 35.Ngf4 Rg4 
36.Rh1 Qe7 37.Nc5 Bxf4 38.Nxe4 dxe4 39.gxf4 Qd6 40.Rxe4 Bd5 41.Rhe1 Bxe4 
42.Rxe4 Rxh4 43.Re5 Rh2+ 44.Kf1 Qg6 45.Re7+ Kh8 46.Rxb7 Rxb2 47.Rc7 Rb1+ 
48.Ke2 Qe6+ 49.Kd3 Qd5 50.Qe2 Qb5+ 51.c4 Rb3+ 52.Kc2 Rb2+ 53.Kxb2 Qxb4+ 
54.Kc1 Qc3+ 55.Kb1 Qb3+ 56.Qb2 Qd1+ 57.Ka2 Qa4+ 58.Qa3 Qc2+ 59.Ka1 Qd1+ 
60.Kb2 Qd2+ 61.Kb3 Qd3+ 62.Kb4 a5+ 63.Qxa5 Qd2+ 64.Ka4 Qa2+ 65.Kb4 Qd2+ 
66.Ka4 1/2-1/2

[Event "interzonal (w)"]
[Site "Chisinau MDA"]
[Date "1995.??.??"]
[Round "10"]
[White "Edzgveradze, Natalia"]
[Black "Lomineishvili, Maia"]
[Result "1-0"]
[WhiteElo "2320"]
[BlackElo "2295"]
[EventDate "1995.09.??"]
[PlyCount "95"]

1.d4 Nf6 2.c4 g6 3.g3 Bg7 4.Bg2 O-O 5.Nc3 d6 6.Nf3 Nc6 7.O-O e5 8.d5 Ne7 
9.e4 Kh8 10.Ne1 Nfg8 11.Nd3 f5 12.Kh1 Nf6 13.Bg5 fxe4 14.Nxe4 Nf5 15.Re1 
h6 16.Bd2 Kh7 17.Bc3 Bd7 18.Nxf6+ Bxf6 19.c5 Rf7 20.c6 bxc6 21.dxc6 Be8 
22.Rc1 Ne7 23.Qa4 Rb8 24.f4 exf4 25.Bxf6 Rxf6 26.Nxf4 Bf7 27.Qe4 Nf5 28.b3
Rb5 29.Qd3 a6 30.Nd5 Bxd5 31.Bxd5 Ne7 32.Bg2 Rg5 33.Re2 Nf5 34.Rce1 Rf7 
35.Qxa6 Qf6 36.Qd3 Rg4 37.Re4 Rg5 38.Re6 Qb2 39.R6e2 Qf6 40.a4 Rf8 41.Qd2 
d5 42.Re6 Qd8 43.Bxd5 Nxg3+ 44.hxg3 Rxd5 45.Re7+ Kg8 46.Qe3 Rh5+ 47.Kg1 
Rg5 48.Qc3 1-0

[Event "interzonal (w)"]
[Site "Chisinau MDA"]
[Date "1995.??.??"]
[Round "10"]
[White "Foisor, Cristina"]
[Black "Galliamova-Ivanchuk, Alisa"]
[Result "1/2-1/2"]
[WhiteElo "2345"]
[BlackElo "2475"]
[EventDate "1995.09.??"]
[PlyCount "145"]

1.c4 e5 2.g3 Nc6 3.Bg2 d6 4.Nc3 Be6 5.Nd5 Qd7 6.Qa4 Be7 7.b4 Nf6 8.Bb2 O-O
9.Rc1 Rfb8 10.a3 Bd8 11.e3 a5 12.Nxf6+ Bxf6 13.b5 Ne7 14.f4 Nc8 15.Qc2 c6 
16.a4 cxb5 17.axb5 Nb6 18.d3 Rc8 19.Ne2 d5 20.fxe5 Bg5 21.Nf4 Bxf4 22.gxf4
dxc4 23.d4 Rc7 24.Bc3 Qxb5 25.f5 Bc8 26.O-O Nd5 27.Bxd5 Qxd5 28.e4 Qd8 29.
Rb1 Ra6 30.Rf2 a4 31.d5 a3 32.Rg2 b5 33.Rd1 Rb7 34.Bb4 Qb6+ 35.Kh1 Ra4 36.
Qc3 Qh6 37.e6 fxe6 38.fxe6 Bxe6 39.dxe6 Qxe6 40.Rf1 h6 41.Rfg1 Qxe4 42.Qd2
a2 43.Qb2 Ra6 44.Qa1 Rf7 45.Re1 Qb7 46.Kg1 Qb6+ 47.Kh1 Qb7 48.Kg1 Qa7+ 49.
Kh1 Raf6 50.Bc3 Rf5 51.Bd4 Qb7 52.Qxa2 Rf1+ 53.Rxf1 Rxf1+ 54.Bg1 Qf7 55.
Qa8+ Kh7 56.Qe4+ Qf5 57.Qb7 Qe5 58.Qc6 Qe3 59.Qg6+ Kh8 60.Qd3 Re1 61.Qd8+ 
Kh7 62.Qd3+ Kg8 63.Qd8+ Qe8 64.Qf6 Qe7 65.Qc3 b4 66.Qxc4+ Kh8 67.Qd5 b3 
68.Rd2 Qe3 69.Rg2 b2 70.Qb7 Qd4 71.Qc8+ Kh7 72.Qc6 Kg8 73.Qc8+ 1/2-1/2

[Event "interzonal (w)"]
[Site "Chisinau MDA"]
[Date "1995.??.??"]
[Round "10"]
[White "Ioseliani, Nana"]
[Black "Matveeva, Svetlana"]
[Result "1/2-1/2"]
[WhiteElo "2475"]
[BlackElo "2440"]
[EventDate "1995.09.??"]
[PlyCount "27"]

1.Nf3 d5 2.d4 Nf6 3.c4 e6 4.e3 Nbd7 5.Nc3 Be7 6.Bd3 O-O 7.O-O b6 8.b3 Bb7 
9.Bb2 c5 10.Qe2 Rc8 11.cxd5 exd5 12.Rac1 Re8 13.Rfd1 Bd6 14.Ba6 1/2-1/2

[Event "interzonal (w)"]
[Site "Chisinau MDA"]
[Date "1995.??.??"]
[Round "10"]
[White "Jezierska, Ivona"]
[Black "Janjgava, Natia"]
[Result "1/2-1/2"]
[WhiteElo "2085"]
[BlackElo "2280"]
[EventDate "1995.09.??"]
[PlyCount "80"]

1.e4 d6 2.g3 g6 3.Bg2 Bg7 4.Ne2 c5 5.O-O Nc6 6.f4 Nf6 7.d3 O-O 8.h3 Bd7 9.
Nbc3 Ne8 10.f5 e6 11.g4 Nd4 12.Ng3 Qh4 13.Nce2 exf5 14.gxf5 Nxe2+ 15.Nxe2 
Qd8 16.Ng3 Bc6 17.Qg4 Nf6 18.Qh4 Nd7 19.Bg5 f6 20.fxg6 hxg6 21.Bh6 Qe7 22.
Bxg7 Qxg7 23.Rf2 Rae8 24.Raf1 Re5 25.Bf3 Qh7 26.Qf4 Qxh3 27.Rh2 g5 28.Rxh3
gxf4 29.Nf5 d5 30.Kh2 dxe4 31.dxe4 Kf7 32.Rh7+ Ke8 33.Nd6+ Kd8 34.Nf7+ 
Rxf7 35.Rxf7 Ke8 36.Rh7 Bxe4 37.Bh5+ Kd8 38.Rh8+ Kc7 39.Rxf4 Bxc2 40.Bf3 
f5 1/2-1/2

[Event "interzonal (w)"]
[Site "Chisinau MDA"]
[Date "1995.??.??"]
[Round "10"]
[White "Khorava, Miranda"]
[Black "Basagic, Vesna"]
[Result "0-1"]
[WhiteElo "2270"]
[BlackElo "2340"]
[EventDate "1995.09.??"]
[PlyCount "166"]

1.Nf3 d6 2.d4 Nf6 3.g3 g6 4.Bg2 Bg7 5.c4 O-O 6.O-O Nc6 7.d5 Na5 8.Nfd2 c5 
9.Nc3 a6 10.Rb1 Rb8 11.b3 Bf5 12.e4 Bd7 13.Bb2 e5 14.dxe6 fxe6 15.f4 Nc6 
16.Nf3 Qc7 17.e5 dxe5 18.Nxe5 Rbd8 19.Qe2 Nd4 20.Qe3 Bc8 21.Rbd1 Nd7 22.
Nxd7 Bxd7 23.Ne4 e5 24.Ng5 Bg4 25.Rd2 h6 26.Nh3 Rfe8 27.Kh1 e4 28.Ng1 Nf5 
29.Qe1 Rxd2 30.Qxd2 Bd4 31.Ne2 e3 32.Qc2 Kh7 33.Re1 Qg7 34.Bc1 Bf6 35.Bd5 
Bxe2 36.Qxe2 Bc3 37.Rg1 Nd4 38.Qd3 Nf5 39.Be4 e2 40.Qxe2 Nd6 41.Bxg6+ Qxg6
42.Qf3 Qe4 43.Kg2 Qe2+ 44.Qxe2 Rxe2+ 45.Kf3 Rxa2 46.Be3 b6 47.Rd1 Nf5 48.
Rd7+ Bg7 49.Rb7 Rc2 50.g4 Nxe3 51.Kxe3 Rc3+ 52.Ke4 Rxb3 53.f5 Kg8 54.Rb8+ 
Bf8 55.h4 Rh3 56.f6 Kf7 57.Rxb6 a5 58.Kf5 Rf3+ 59.Ke5 Kg6 60.Ra6 a4 61.
Rxa4 Rxf6 62.Ra8 Bd6+ 63.Kd5 Be7 64.Ra7 Kf7 65.Ke5 Rf1 66.g5 hxg5 67.hxg5 
Rg1 68.Kd5 Rxg5+ 69.Kc6 Ke6 70.Ra1 Re5 71.Rf1 Re4 72.Kb5 Ke5 73.Rf7 Kd4 
74.Rf1 Re2 75.Rf4+ Kd3 76.Rf3+ Re3 77.Rf7 Kc3 78.Rg7 Bf6 79.Ra7 Bd4 80.
Ra3+ Kb2 81.Ra8 Kb3 82.Ra7 Rc3 83.Ra4 Rc2 0-1

[Event "interzonal (w)"]
[Site "Chisinau MDA"]
[Date "1995.??.??"]
[Round "10"]
[White "Krupkova, Petra"]
[Black "Belakovskaia, Anjelina"]
[Result "1/2-1/2"]
[WhiteElo "2210"]
[BlackElo "2345"]
[EventDate "1995.09.??"]
[PlyCount "81"]

1.d4 Nf6 2.c4 g6 3.Nc3 Bg7 4.e4 d6 5.f4 O-O 6.Nf3 c5 7.d5 e6 8.Be2 exd5 9.
cxd5 Bg4 10.O-O Nbd7 11.a4 Re8 12.h3 Bxf3 13.Bxf3 Qa5 14.Be3 Qb4 15.Qc2 c4
16.Na2 Qa5 17.Rae1 Nc5 18.Bxc5 Qxc5+ 19.Kh2 Rac8 20.Nc3 a6 21.g3 Nd7 22.
Re2 b5 23.axb5 axb5 24.Bg4 Rc7 25.Bxd7 Rxd7 26.f5 b4 27.Nd1 Qd4 28.Qa4 
Rde7 29.fxg6 hxg6 30.Qxb4 Rxe4 31.Rd2 Qe5 32.Qb5 Rf8 33.Rg2 Rh4 34.Qd7 Rd4
35.Nc3 Rd3 36.Qc7 Qe3 37.Qxc4 Bxc3 38.bxc3 Rxc3 39.Qf4 Qxf4 40.gxf4 Rd3 
41.f5 1/2-1/2

[Event "interzonal (w)"]
[Site "Chisinau MDA"]
[Date "1995.??.??"]
[Round "10"]
[White "Lematschko, Tatjana"]
[Black "Maksimovic, Suzana"]
[Result "1/2-1/2"]
[WhiteElo "2310"]
[BlackElo "2190"]
[EventDate "1995.09.??"]
[PlyCount "96"]

1.d4 Nf6 2.c4 e6 3.Nf3 c5 4.d5 b5 5.dxe6 fxe6 6.cxb5 d5 7.g3 Be7 8.Bg2 a6 
9.bxa6 O-O 10.O-O Nc6 11.Nc3 Rxa6 12.Bg5 Qe8 13.Ne1 Qg6 14.f4 Ng4 15.Bxe7 
Nxe7 16.Qd3 Nf5 17.Bh3 d4 18.Bxg4 Qxg4 19.Nd1 Bb7 20.b3 Rfa8 21.a4 Bd5 22.
Ra3 h5 23.e4 dxe3 24.Nxe3 Nxe3 25.Qxe3 h4 26.Ng2 hxg3 27.Qxg3 Qe2 28.Qf2 
Qe4 29.Re1 Qb4 30.Raa1 Bxb3 31.Rac1 Rxa4 32.Qxc5 Qd2 33.Rf1 Ra2 34.Rf2 
Qxf2+ 35.Qxf2 Rxf2 36.Kxf2 Ra2+ 37.Kg3 Bd5 38.Ne3 Ra4 39.Kf2 Be4 40.Rc4 
Ra2+ 41.Kg3 Bd5 42.Nxd5 exd5 43.Rc7 Kh7 44.Rd7 Rd2 45.f5 Kh6 46.h4 Rd4 47.
Rd8 Kh7 48.Kh3 Rf4 1/2-1/2

[Event "interzonal (w)"]
[Site "Chisinau MDA"]
[Date "1995.??.??"]
[Round "10"]
[White "Maric, Alisa"]
[Black "Arakhamia, Ketevan"]
[Result "1/2-1/2"]
[WhiteElo "2445"]
[BlackElo "2420"]
[EventDate "1995.09.??"]
[PlyCount "21"]

1.Nf3 Nf6 2.d4 g6 3.g3 Bg7 4.Bg2 O-O 5.O-O d6 6.c4 Nc6 7.Nc3 e5 8.h3 Nd7 
9.Bg5 f6 10.Be3 Ne7 11.dxe5 1/2-1/2

[Event "interzonal (w)"]
[Site "Chisinau MDA"]
[Date "1995.??.??"]
[Round "10"]
[White "Nikolin, Zorica"]
[Black "Paasikangas, Johanna"]
[Result "1-0"]
[WhiteElo "2235"]
[BlackElo "2280"]
[EventDate "1995.09.??"]
[PlyCount "120"]

1.e4 d5 2.exd5 Qxd5 3.Nc3 Qa5 4.d4 Nf6 5.Nf3 Bg4 6.h3 Bh5 7.g4 Bg6 8.Ne5 
c6 9.Bc4 e6 10.Bd2 Qb6 11.Qe2 Nbd7 12.O-O-O O-O-O 13.f4 Nxe5 14.dxe5 Nd5 
15.Rhf1 f5 16.exf6 Re8 17.fxg7 Bxg7 18.Bb3 a5 19.Na4 Qc7 20.c4 b5 21.cxd5 
exd5 22.Qf2 bxa4 23.Bxa4 Re4 24.Bc2 Rc4 25.f5 Qb8 26.Bc3 Bxc3 27.bxc3 Bf7 
28.Rd3 Re8 29.Re1 Rxe1+ 30.Qxe1 Qd6 31.Kb2 a4 32.a3 c5 33.Qd2 Rf4 34.Re3 
d4 35.cxd4 Qd5 36.Re1 Qa2+ 37.Kc1 Rxd4 38.Qc3 Qd5 39.Rd1 Rxd1+ 40.Bxd1 Qd6
41.Qe3 Qc6 42.Qe7 Qd5 43.Bxa4 Qc4+ 44.Bc2 Qf4+ 45.Kb1 Qf1+ 46.Kb2 Qb5+ 47.
Kc1 Qf1+ 48.Kd2 Qf2+ 49.Qe2 Qd4+ 50.Qd3 Qf4+ 51.Qe3 Qd6+ 52.Kc1 c4 53.g5 
Qc6 54.Be4 Qd6 55.f6 Bh5 56.Bf5+ Kb8 57.Bc2 Kc8 58.Bf5+ Kb8 59.Bc2 Kc8 60.
h4 Kb8 1-0

[Event "interzonal (w)"]
[Site "Chisinau MDA"]
[Date "1995.??.??"]
[Round "10"]
[White "Petrenko, Svetlana"]
[Black "Ciuksyte, Dagne"]
[Result "1/2-1/2"]
[WhiteElo "2250"]
[BlackElo "2225"]
[EventDate "1995.09.??"]
[PlyCount "82"]

1.e4 e5 2.Nf3 Nc6 3.Bc4 Bc5 4.c3 Qe7 5.O-O d6 6.h3 Nf6 7.d3 Bb6 8.b4 O-O 
9.a4 a6 10.Na3 Bd7 11.Bb3 Nd8 12.Nc4 Ba7 13.Ne3 g6 14.Nh2 Ne6 15.Nhg4 Nf4 
16.Qf3 Be6 17.Nxf6+ Qxf6 18.Ng4 Qg5 19.Rb1 h5 20.Nh2 Qh4 21.Kh1 Bxb3 22.
Bxf4 Bxa4 23.Bh6 Rfe8 24.g3 Qe7 25.g4 h4 26.g5 Bd7 27.Ng4 Bxg4 28.Qxg4 f6 
29.Qxh4 fxg5 30.Bxg5 Qh7 31.Qg3 Rf8 32.f4 exf4 33.Rxf4 Rxf4 34.Bxf4 Rf8 
35.Rf1 c6 36.d4 d5 37.e5 Bb8 38.Rg1 Rxf4 39.Qxf4 Qxh3+ 40.Qh2 Qf3+ 41.Rg2 
Qd1+ 1/2-1/2

[Event "interzonal (w)"]
[Site "Chisinau MDA"]
[Date "1995.??.??"]
[Round "10"]
[White "Qin Kanying"]
[Black "Zhukova, Natalia"]
[Result "1-0"]
[WhiteElo "2370"]
[BlackElo "2360"]
[EventDate "1995.09.??"]
[PlyCount "113"]

1.e4 d5 2.exd5 Qxd5 3.Nc3 Qa5 4.Nf3 Nf6 5.d4 c6 6.Ne5 Bf5 7.Nc4 Qd8 8.Be2 
g6 9.O-O Bg7 10.Bf4 O-O 11.a4 a5 12.Bf3 Be6 13.Ne3 Na6 14.Be5 Nb4 15.Qe2 
Qb6 16.Rfd1 Rfd8 17.Rd2 Rd7 18.Re1 Nbd5 19.Ncxd5 Bxd5 20.Nxd5 cxd5 21.c3 
Qc6 22.Ra1 Rad8 23.Rdd1 Ne8 24.Bf4 Nd6 25.h4 h5 26.Re1 Nc4 27.g3 Re8 28.
Bg2 Rdd8 29.b3 Nd6 30.Rac1 Nf5 31.Qb5 Qxb5 32.axb5 e6 33.Bc7 Ra8 34.Ra1 
Rac8 35.b6 Bf6 36.Rxa5 Bd8 37.Bxd5 Bxc7 38.bxc7 Rxc7 39.Rc5 Rec8 40.Rxe6 
Rxc5 41.dxc5 Rxc5 42.Re8+ Kg7 43.c4 Rc7 44.Rb8 Nd4 45.Rxb7 Rxb7 46.Bxb7 
Nxb3 47.Kg2 f6 48.Bd5 g5 49.Kf3 Kg6 50.Ke3 gxh4 51.gxh4 Kf5 52.Bf3 Ke5 53.
Bxh5 f5 54.f4+ Kf6 55.Bd1 Nc5 56.h5 Ne6 57.Bc2 1-0

[Event "interzonal (w)"]
[Site "Chisinau MDA"]
[Date "1995.??.??"]
[Round "10"]
[White "Ratcu, Tatiana"]
[Black "Berezina, Irina"]
[Result "0-1"]
[WhiteElo "2080"]
[BlackElo "2195"]
[EventDate "1995.09.??"]
[PlyCount "80"]

1.e4 c5 2.Nc3 d6 3.f4 Nc6 4.Nf3 g6 5.Bb5 Bd7 6.O-O Bg7 7.Bxc6 bxc6 8.d3 
Nh6 9.Qe1 e6 10.h3 f5 11.e5 d5 12.Na4 Bf8 13.b3 Rb8 14.c4 Nf7 15.Ba3 g5 
16.fxg5 Nxg5 17.Nxg5 Qxg5 18.Bxc5 Rg8 19.Qe2 Bxc5+ 20.Nxc5 Qh4 21.Qf2 Qxh3
22.Nxd7 Kxd7 23.cxd5 exd5 24.Rac1 Rb6 25.Qxf5+ Qxf5 26.Rxf5 Ke6 27.Rh5 d4 
28.Rc5 Ra6 29.Rh6+ Rg6 30.Rxh7 Kf5 31.Rf7+ Kg4 32.Rf6 Rg5 33.Rf2 Kg3 34.
Re2 Rf5 35.Rc4 c5 36.e6 Rb6 37.e7 Rh6 38.Rc1 Rfh5 39.Re3+ dxe3 40.Kf1 Re6 
0-1

[Event "interzonal (w)"]
[Site "Chisinau MDA"]
[Date "1995.??.??"]
[Round "10"]
[White "Bobrowska, Monika"]
[Black "Lin Ye"]
[Result "1-0"]
[WhiteElo "2310"]
[BlackElo "2205"]
[EventDate "1995.09.??"]
[PlyCount "159"]

1.d4 Nf6 2.Nf3 g6 3.c4 Bg7 4.Nc3 d6 5.Bg5 Nbd7 6.e3 O-O 7.Be2 c6 8.O-O h6 
9.Bh4 Ne8 10.e4 Nc7 11.Rc1 Ne6 12.d5 Nf4 13.Bg3 Nh5 14.Re1 Nxg3 15.hxg3 
Ne5 16.Nxe5 Bxe5 17.Qd2 Bg7 18.Red1 Bd7 19.Qc2 Qb6 20.Rb1 Rac8 21.b4 Qd8 
22.Qb3 cxd5 23.Nxd5 e6 24.Nf4 Qc7 25.Qd3 Ba4 26.Rd2 Rfd8 27.Qa3 Bc6 28.Qe3
b6 29.Bg4 Qe7 30.Nh3 b5 31.Be2 bxc4 32.Bxc4 Qb7 33.Bd3 Qb6 34.Qxb6 axb6 
35.Rc2 Ba4 36.Rd2 g5 37.Kh2 Bc3 38.Re2 Bd4 39.Ng1 Rc3 40.Rd2 Be5 41.Ne2 
Rc7 42.f4 Bf6 43.Kg1 Kf8 44.Kf2 Rdc8 45.Rh1 Bg7 46.Ke3 Bc6 47.Ba6 Ra8 48.
b5 Bb7 49.Bxb7 Rxb7 50.Rc1 Ke7 51.Rc6 Ra3+ 52.Kf2 d5 53.e5 Ra8 54.Nd4 Bf8 
55.f5 Ke8 56.fxe6 Bc5 57.Ke2 Ra4 58.Rc8+ Ke7 59.Nc6+ Kxe6 60.Nd8+ Kd7 61.
Nxb7 Kxc8 62.Nxc5 bxc5 63.Rxd5 Rxa2+ 64.Kf3 Rc2 65.Ke4 Rxg2 66.Rxc5+ Kd7 
67.b6 Rb2 68.Rc7+ Ke6 69.Rc6+ Ke7 70.Rxh6 Rb5 71.g4 Kd7 72.Kf5 Rc5 73.Rh7 
Ke7 74.Rh8 Rb5 75.Rb8 Kd7 76.Rb7+ Kd8 77.Kf6 Ke8 78.Re7+ Kd8 79.Rxf7 Rxb6+
80.e6 1-0

[Event "interzonal (w)"]
[Site "Chisinau MDA"]
[Date "1995.??.??"]
[Round "10"]
[White "Stefanova, Antoaneta"]
[Black "Sakhatova, Elvira"]
[Result "1/2-1/2"]
[WhiteElo "2415"]
[BlackElo "2340"]
[EventDate "1995.09.??"]
[PlyCount "111"]

1.e4 c5 2.Nf3 g6 3.d4 Bg7 4.Nc3 cxd4 5.Nxd4 Nc6 6.Be3 Nf6 7.Bc4 O-O 8.Bb3 
a5 9.f3 d5 10.exd5 Nb4 11.Nde2 a4 12.Nxa4 Nfxd5 13.Bd2 b5 14.Nac3 Be6 15.
Nxd5 Nxd5 16.Qc1 Qb6 17.a3 Rfc8 18.Bxd5 Bxd5 19.Be3 Qa5+ 20.Kf2 Qa4 21.c3 
Qh4+ 22.Ng3 Be5 23.Bg5 Qc4 24.Qd2 f6 25.Be3 Rd8 26.Rad1 Qa2 27.Ne2 Qc4 28.
Bf4 Bxf3 29.Qxd8+ Rxd8 30.Rxd8+ Kf7 31.Kxf3 Qc6+ 32.Kg3 Bxf4+ 33.Nxf4 Qc7 
34.Rhd1 g5 35.R8d4 gxf4+ 36.Rxf4 Qe5 37.Rf1 Qe3+ 38.R1f3 Qe2 39.Rf2 Qe3+ 
40.R2f3 Qe2 41.b4 Qe1+ 42.Kh3 Qc1 43.Rf5 Qd2 44.g4 Kg6 45.Rxb5 e6 46.g5 
fxg5 47.Re5 h5 48.Rxe6+ Kg7 49.Re7+ Kg6 50.Rfe3 Kf5 51.Rf3+ Kg6 52.Rfe3 
Kf5 53.R7e5+ Kf4 54.R3e4+ Kf3 55.Re3+ Kf4 56.R3e4+ 1/2-1/2

[Event "interzonal (w)"]
[Site "Chisinau MDA"]
[Date "1995.??.??"]
[Round "10"]
[White "Kiseleva, Natalia"]
[Black "Kulish, Irina"]
[Result "1/2-1/2"]
[WhiteElo "2260"]
[BlackElo "2300"]
[EventDate "1995.09.??"]
[PlyCount "65"]

1.d4 Nf6 2.c4 e6 3.g3 d5 4.Bg2 c6 5.Qc2 Nbd7 6.Nf3 Be7 7.O-O b6 8.Rd1 Bb7 
9.Nbd2 O-O 10.e4 c5 11.exd5 exd5 12.dxc5 Bxc5 13.Nb3 Be7 14.cxd5 Bxd5 15.
Nfd4 Rc8 16.Qe2 Bxg2 17.Kxg2 Re8 18.Qf1 Qc7 19.Kg1 Qb7 20.Bf4 Nc5 21.Nf5 
Nxb3 22.axb3 Bc5 23.Bd6 Qf3 24.Bxc5 Rxc5 25.Ne3 a5 26.Rac1 Rxc1 27.Rxc1 h5
28.Qd1 Qe4 29.Rc4 Qb7 30.Qc2 Nd5 31.Re4 Rc8 32.Rc4 Re8 33.Re4 1/2-1/2

[Event "interzonal (w)"]
[Site "Chisinau MDA"]
[Date "1995.??.??"]
[Round "10"]
[White "Tsoganova, Monika"]
[Black "Burtman, Sharon"]
[Result "1-0"]
[WhiteElo "2295"]
[BlackElo "2065"]
[EventDate "1995.09.??"]
[PlyCount "37"]

1.e4 c5 2.b3 Nc6 3.Bb2 e5 4.f4 d5 5.exd5 Qxd5 6.Nc3 Qd6 7.Nf3 exf4 8.Bc4 
Be6 9.Qe2 O-O-O 10.O-O-O Nh6 11.Rhe1 Bg4 12.Nb5 Qb8 13.h3 Bh5 14.d4 a6 15.
Be6+ fxe6 16.Qxe6+ Rd7 17.dxc5 Bd6 18.Nxd6+ Kd8 19.Nf7+ 1-0

[Event "interzonal (w)"]
[Site "Chisinau MDA"]
[Date "1995.??.??"]
[Round "10"]
[White "Lu Xiaosha"]
[Black "Shumiakina, Tatiana"]
[Result "1/2-1/2"]
[WhiteElo "2280"]
[BlackElo "2345"]
[EventDate "1995.09.??"]
[PlyCount "73"]

1.e4 c5 2.f4 d5 3.exd5 Nf6 4.Bb5+ Nbd7 5.c4 a6 6.Bxd7+ Bxd7 7.Qe2 Bf5 8.
Nf3 e6 9.O-O Be7 10.dxe6 fxe6 11.Re1 O-O 12.Nc3 Re8 13.Nd1 Qd6 14.Ne5 Nd7 
15.Nf2 Nxe5 16.fxe5 Qd7 17.d3 Rad8 18.Rd1 Qd4 19.Qe3 Qh4 20.Qf4 Rd7 21.
Qxh4 Bxh4 22.g3 Be7 23.Be3 Red8 24.Rd2 b5 25.Rad1 Bg6 26.a3 Rb7 27.cxb5 
Rxb5 28.Rc1 Rd5 29.d4 Rb3 30.Rc3 Rxc3 31.bxc3 cxd4 32.Bxd4 Bxa3 33.Ra2 Bc5
34.Rxa6 Bxd4 35.cxd4 Rxd4 36.Rxe6 Rd5 37.Rb6 1/2-1/2

[Event "interzonal (w)"]
[Site "Chisinau MDA"]
[Date "1995.??.??"]
[Round "10"]
[White "Zaitseva, Ludmila"]
[Black "Sheremetieva, Marina"]
[Result "1/2-1/2"]
[WhiteElo "2360"]
[BlackElo "2250"]
[EventDate "1995.09.??"]
[PlyCount "94"]

1.d4 d6 2.Nf3 g6 3.c3 Bg7 4.e4 Nf6 5.Qc2 O-O 6.Bg5 d5 7.Nbd2 dxe4 8.Nxe4 
Nxe4 9.Qxe4 Nc6 10.Bc4 Bf5 11.Qe3 Na5 12.Be2 Qd5 13.O-O Rfe8 14.Bh6 Nc4 
15.Bxc4 Qxc4 16.Bxg7 Kxg7 17.Rfe1 Rad8 18.b3 Qe6 19.Qf4 Qd6 20.Qe3 Qe6 21.
Qg5 Qf6 22.Qg3 Qd6 23.Re5 f6 24.Re3 Qxg3 25.hxg3 Kf7 26.Rae1 Rd6 27.Nh2 
Re6 28.Nf1 c6 29.f3 h5 30.Kf2 Rd8 31.Rxe6 Bxe6 32.Ne3 b6 33.Rd1 Bc8 34.Ke2
Ba6+ 35.c4 Bb7 36.Rd3 e6 37.b4 g5 38.Ra3 a6 39.Rd3 Ra8 40.a4 Rd8 41.Nf1 b5
42.cxb5 cxb5 43.Rc3 Kg6 44.Rc7 Bd5 45.axb5 axb5 46.Ne3 Bb3 47.Rc3 Ba2 
1/2-1/2

[Event "interzonal (w)"]
[Site "Chisinau MDA"]
[Date "1995.??.??"]
[Round "11"]
[White "Belakovskaia, Anjelina"]
[Black "Danielian, Elina"]
[Result "1/2-1/2"]
[WhiteElo "2345"]
[BlackElo "2320"]
[EventDate "1995.09.??"]
[PlyCount "53"]

1.d4 d5 2.c4 dxc4 3.e3 Nf6 4.Bxc4 e6 5.Nc3 a6 6.a4 c5 7.Nf3 Nc6 8.O-O cxd4
9.exd4 Be7 10.Bg5 O-O 11.Re1 b6 12.Qd2 Bb7 13.Rad1 Nb4 14.Ne5 Nfd5 15.Bxe7
Qxe7 16.Ne4 Rac8 17.Bb3 Rc7 18.a5 bxa5 19.Ra1 Rfc8 20.Nc5 Ba8 21.Rxa5 Qh4 
22.Bxd5 Nxd5 23.Ra3 Nf4 24.Rg3 h5 25.Ned3 Nxd3 26.Rxd3 Rd8 27.h3 1/2-1/2

[Event "interzonal (w)"]
[Site "Chisinau MDA"]
[Date "1995.??.??"]
[Round "11"]
[White "Berezina, Irina"]
[Black "Skripchenko, Almira"]
[Result "0-1"]
[WhiteElo "2195"]
[BlackElo "2400"]
[EventDate "1995.09.??"]
[PlyCount "78"]

1.Nf3 Nf6 2.g3 g6 3.Bg2 Bg7 4.O-O O-O 5.d3 d5 6.Nbd2 c5 7.e4 Nc6 8.Re1 e5 
9.exd5 Nxd5 10.Nc4 Re8 11.Bg5 f6 12.Bd2 Be6 13.a4 b6 14.Qc1 Qd7 15.Bh6 
Rad8 16.Bxg7 Kxg7 17.Nfd2 Ndb4 18.Nb3 Qc7 19.Re2 Bxc4 20.dxc4 Nd4 21.Nxd4 
cxd4 22.b3 d3 23.cxd3 Rxd3 24.Qb2 Red8 25.h4 Qc5 26.Kh2 a5 27.h5 Qd4 28.
Qb1 Qg4 29.h6+ Kxh6 30.Qc1+ Kg7 31.Re4 Qf5 32.Qf1 Rxb3 33.Rh4 Rd2 34.Rd1 
Rbd3 35.Rxd2 Rxd2 36.Kg1 Qc2 37.Bf3 g5 38.Rh2 e4 39.Bg4 e3 0-1

[Event "interzonal (w)"]
[Site "Chisinau MDA"]
[Date "1995.??.??"]
[Round "11"]
[White "Burtman, Sharon"]
[Black "Ratcu, Tatiana"]
[Result "1/2-1/2"]
[WhiteElo "2065"]
[BlackElo "2080"]
[EventDate "1995.09.??"]
[PlyCount "66"]

1.d4 Nf6 2.c4 c5 3.d5 e6 4.Nc3 exd5 5.cxd5 d6 6.g3 g6 7.Bg2 Bg7 8.Nf3 O-O 
9.O-O Re8 10.h3 Na6 11.Nd2 Rb8 12.a4 Nc7 13.Nc4 a6 14.a5 Nb5 15.Na4 Bf5 
16.Nab6 Be4 17.f3 Bf5 18.g4 Bc8 19.Bf4 h5 20.e3 hxg4 21.hxg4 Qe7 22.Qd2 
Nd7 23.Nxd7 Bxd7 24.Rac1 g5 25.Bg3 f5 26.gxf5 Bxf5 27.Rfe1 Bg6 28.Bh3 Rbd8
29.Bg4 Rf8 30.Be6+ Bf7 31.Bg4 Bg6 32.Be6+ Bf7 33.Bg4 Bg6 1/2-1/2